| 000 | 00375 a2200145 4500 | ||
|---|---|---|---|
| 001 | 165059 | ||
| 020 | _a | ||
| 040 | _cMagnum | ||
| 100 | _aSalgueiro, Ana Maria | ||
| 240 | 1 | 0 |
_aSaber docente y practica cotidiana: un estudio etnografico _lpor |
| 245 | 1 | 0 | _aSaber docente y practica cotidiana: un estudio etnografico |
| 362 | 0 | _a1899 | |
| 697 | _aPEDAGOGIA | ||
| 942 | _cBK | ||
| 999 |
_c165059 _d165059 |
||